| 000 | 00316nam a22000977a 4500 | ||
|---|---|---|---|
| 008 | 131105b xxu||||| |||| 00| 0 eng d | ||
| 020 |
_a8178088622 _cAvailable |
||
| 050 | _a005.8SWA | ||
| 245 |
_aWireless Security And Privacy Best Practices And Design Techniques _cSwaminatha Tara M |
||
| 260 |
_aIndia _bPearson Education _c2003 |
||
| 999 |
_c23501 _d23501 |
||